Bibliografía de las plantaciones. (Record no. 51364)

MARC details
000 -LEADER
fixed length control field 01049cam a22002531 4500
001 - CONTROL NUMBER
control field pa 58000030
003 - CONTROL NUMBER IDENTIFIER
control field DLC
005 - DATE AND TIME OF LATEST TRANSACTION
control field 20260227111854.0
008 - FIXED-LENGTH DATA ELEMENTS--GENERAL INFORMATION
fixed length control field 750717s1957 xx 000 0 spa
010 ## - LIBRARY OF CONGRESS CONTROL NUMBER
LC control number pa 58000030
035 ## - SYSTEM CONTROL NUMBER
System control number (OCoLC)1456974
040 ## - CATALOGING SOURCE
Original cataloging agency DLC
Transcribing agency FU
Modifying agency DLC
042 ## - AUTHENTICATION CODE
Authentication code premarc
050 00 - LIBRARY OF CONGRESS CALL NUMBER
Classification number Z5074.E3
Item number T517
100 1# - MAIN ENTRY--PERSONAL NAME
Personal name Thompson, Edgar T.
Fuller form of name (Edgar Tristram),
Dates associated with a name 1900-1989.
245 10 - TITLE STATEMENT
Title Bibliografía de las plantaciones.
260 ## - PUBLICATION, DISTRIBUTION, ETC.
Place of publication, distribution, etc. Wáshington,
Name of publisher, distributor, etc. Oficina de Ciencias Sociales, Departamento de Asuntos Culturales, Unión Panamericana,
Date of publication, distribution, etc. 1957.
300 ## - PHYSICAL DESCRIPTION
Extent viii, 93 p.
Dimensions 25cm.
490 1# - SERIES STATEMENT
Series statement Oficina de Ciencias Sociales, Unión Panamerican. Estudios monográficos,
Volume/sequential designation 4
500 ## - GENERAL NOTE
General note "Publicación conjunta del Programa de investigación y a diestramiento para el estudio del hombre en el trópico (Universidad de Columbia) y la Unión Panamericana."
500 ## - GENERAL NOTE
General note Issued also in English.
650 #0 - SUBJECT ADDED ENTRY--TOPICAL TERM
Topical term or geographic name entry element Plantations
Form subdivision Bibliography.
810 2# - SERIES ADDED ENTRY--CORPORATE NAME
Corporate name or jurisdiction name as entry element Pan American Union.
Subordinate unit Social Science Section.
Title of a work Estudios monográficos ;
Volume/sequential designation 4.

No items available.

Powered by Koha